[Event "LSS RN-2022-0-01614"]
[Site "LSS email"]
[Date "2022.06.15"]
[Round "?"]
[White "Molina, Vicente Andres"]
[Black "Lombardi, Donato"]
[Result "0-1"]
[WhiteElo "808"]
[BlackElo "848"]
[PlyCount "128"]
[EventDate "2022.03.10"]
[EventType "tourn (corr)"]
[EventRounds "6"]
[EventCountry "GER"]
[SourceTitle "Corr 2024"]
[Source "ChessBase"]
[SourceDate "2023.10.19"]
[SourceVersion "1"]
[SourceVersionDate "2023.10.19"]
[SourceQuality "1"]

1. d4 e5 2. e4 exd4 3. Qxd4 c5 4. Qe3 Nc6 5. c3 d6 6. Bc4 Nf6 7. Nf3 Be7 8. 0-0 0-0 9. Rd1 Bg4 10. h3 Bxf3 11. Qxf3 Ne5 12. Qe2 a6 13. Bb3 b5 14. Bf4 Qb6 15. Nd2 c4 16. Bc2 Rfe8 17. Nf1 Ng6 18. Be3 Qb7 19. Ng3 Bf8 20. f3 Rad8 21. Nf5 d5 22. exd5 Nf4 23. Qf2 N6xd5 24. Bd4 Re2 25. Qg3 g6 26. Rac1 Rxg2+ 27. Qxg2 Nxg2 28. Kxg2 gxf5 29. Rg1 Bg7 30. Kf2 f6 31. Bxf5 Kf7 32. Bxh7 Nf4 33. Rg4 Nd3+ 34. Bxd3 cxd3 35. Rcg1 Bh8 36. Ke3 f5 37. Rf4 Bxd4+ 38. cxd4 Qd5 39. Kxd3 Qc4+ 40. Ke3 Rg8 41. Rxf5+ Ke6 42. Re5+ Kf6 43. Rg4 Qxa2 44. Rf4+ Kg6 45. h4 Qb3+ 46. Ke4 Qc2+ 47. Ke3 Qc1+ 48. Ke4 Qe1+ 49. Kd3 Qf1+ 50. Kd2 Rc8 51. Rg5+ Kh6 52. Rf6+ Kh7 53. Rf7+ Kh8 54. Rf6 Qf2+ 55. Kd3 Qxh4 56. Rfg6 Rc7 57. Rg4 Qh7 58. f4 Rc6 59. f5 Rxg6 60. Rxg6 Qd7 61. Ke4 a5 62. f6 a4 63. Rg7 Qe6+ 64. Kd3 Qxf6 0-1

[Event "OP-2022-0-05287"]
[Site "LSS email"]
[Date "2022.06.04"]
[Round "?"]
[White "Mostowik, Pawel"]
[Black "Lombardi, Donato"]
[Result "1-0"]
[WhiteElo "1862"]
[BlackElo "868"]
[PlyCount "53"]
[EventDate "2022.05.08"]
[EventType "tourn (corr)"]
[EventRounds "4"]
[EventCountry "GER"]
[SourceTitle "Corr 2024"]
[Source "ChessBase"]
[SourceDate "2023.10.19"]
[SourceVersion "1"]
[SourceVersionDate "2023.10.19"]
[SourceQuality "1"]

1. e4 e6 2. d4 d5 3. Nc3 Nf6 4. e5 Nfd7 5. f4 a6 6. Nf3 c5 7. Be3 Nc6 8. Ne2 cxd4 9. Nexd4 Be7 10. a3 0-0 11. Bd3 Qb6 12. b4 f6 13. 0-0 fxe5 14. fxe5 Ncxe5 15. Nf5 Nxf3+ 16. Rxf3 Qd8 17. Nxg7 Ne5 18. Rg3 Ng6 19. Bxg6 hxg6 20. Rxg6 Kf7 21. Qh5 Bf6 22. Rf1 Ke7 23. Bc5+ Kd7 24. Nxe6 Kxe6 25. Qg4+ Kf7 26. Rg7+ Ke8 27. Qg6+ 1-0

[Event "OP-2022-0-05295"]
[Site "LSS email"]
[Date "2022.06.01"]
[Round "?"]
[White "Cerne, Peter"]
[Black "Lombardi, Donato"]
[Result "1-0"]
[WhiteElo "1587"]
[BlackElo "868"]
[PlyCount "75"]
[EventDate "2022.05.30"]
[EventType "tourn (corr)"]
[EventRounds "4"]
[EventCountry "GER"]
[SourceTitle "Corr 2024"]
[Source "ChessBase"]
[SourceDate "2023.10.19"]
[SourceVersion "1"]
[SourceVersionDate "2023.10.19"]
[SourceQuality "1"]

1. e4 e6 2. d4 d5 3. Nc3 Nf6 4. e5 Nfd7 5. f4 a6 6. Be3 c5 7. Nf3 cxd4 8. Nxd4 Nc6 9. Qd2 Bc5 10. g3 0-0 11. Bg2 Bxd4 12. Bxd4 Nxd4 13. Qxd4 Qb6 14. Qxb6 Nxb6 15. b3 Bd7 16. 0-0-0 Rac8 17. Ne2 f6 18. exf6 Rxf6 19. Nd4 Bc6 20. Rhe1 Bd7 21. a4 h6 22. f5 e5 23. Rxe5 Rcf8 24. a5 Bxf5 25. Rxf5 Rxf5 26. Nxf5 Rxf5 27. axb6 Rf6 28. Bxd5+ Kh7 29. Be4+ g6 30. Rd7+ Kg8 31. Rxb7 a5 32. Kb2 g5 33. Rb8+ Kg7 34. b7 Rb6 35. c3 h5 36. Ra8 h4 37. b8Q Rxb8 38. Rxb8 1-0